[Event "Vojvodina-chT 21st"]
[Site "Backa Palanka"]
[Date "2021.10.28"]
[Round "8.6"]
[White "Gavric, Zivojin"]
[Black "Parkajic, Branislav"]
[Result "1/2-1/2"]
[WhiteElo "2144"]
[BlackElo "2084"]
[PlyCount "41"]
[EventDate "2021.10.23"]
[EventType "team-tourn"]
[EventRounds "11"]
[EventCountry "SRB"]
[SourceTitle "CBM 204 Extra"]
[Source "ChessBase"]
[SourceDate "2021.11.30"]
[SourceVersion "1"]
[SourceVersionDate "2021.11.30"]
[SourceQuality "1"]
[WhiteTeam "Nova Pazova Mladost"]
[BlackTeam "Petrovaradin Kraljica"]
[WhiteTeamCountry "SRB"]
[BlackTeamCountry "SRB"]

1. e4 c5 2. Nc3 Nc6 3. g3 g6 4. Bg2 Bg7 5. f4 d6 6. d3 e6 7. Nf3 Nge7 8. 0-0 0-0 9. Be3 Nd4 10. e5 Nec6 11. exd6 Rb8 12. Ne4 b6 13. c3 Nf5 14. Bf2 Nxd6 15. Qc2 Bb7 16. Rad1 Rc8 17. Rfe1 Qc7 18. Qc1 Rfd8 19. g4 Nxe4 20. dxe4 Rxd1 21. Rxd1 1/2-1/2

[Event "Veliko Gradiste Silver Lake op-A"]
[Site "Veliko Gradiste"]
[Date "2021.06.24"]
[Round "3"]
[White "Topalov, Aleksandar"]
[Black "Parkajic, Branislav"]
[Result "1/2-1/2"]
[WhiteElo "2260"]
[BlackElo "2078"]
[PlyCount "54"]
[EventDate "2021.06.23"]
[EventType "swiss"]
[EventRounds "9"]
[EventCountry "SRB"]
[SourceTitle "EXT 2022"]
[Source "ChessBase"]
[SourceDate "2021.10.06"]
[SourceVersion "1"]
[SourceVersionDate "2021.10.06"]
[SourceQuality "1"]

1. b3 e5 2. Bb2 e4 3. c4 c6 4. e3 Nf6 5. Ne2 d5 6. cxd5 cxd5 7. Ng3 Nc6 8. Nh5 Bg4 9. Nxf6+ Qxf6 10. Bxf6 Bxd1 11. Kxd1 gxf6 12. Bb5 f5 13. Nc3 Bg7 14. Rc1 Bxc3 15. Rxc3 Kd7 16. d4 Kd6 17. Bxc6 bxc6 18. Kd2 a5 19. Re1 Ra6 20. g3 Rb8 21. a3 Rg8 22. f3 Rg6 23. fxe4 fxe4 24. Rf1 Ke6 25. Rcc1 Rf6 26. Rxf6+ Kxf6 27. Rf1+ Kg6 1/2-1/2

[Event "SRB-ch U16"]
[Site "Subotica"]
[Date "2021.05.05"]
[Round "4"]
[White "Parkajic, Branislav"]
[Black "Petrovic, Aleksa"]
[Result "1/2-1/2"]
[WhiteElo "2044"]
[BlackElo "2139"]
[PlyCount "105"]
[EventDate "2021.05.03"]
[EventType "swiss"]
[EventRounds "9"]
[EventCountry "SRB"]
[SourceTitle "EXT 2022"]
[Source "ChessBase"]
[SourceDate "2021.10.06"]
[SourceVersion "1"]
[SourceVersionDate "2021.10.06"]
[SourceQuality "1"]

1. Nf3 d5 2. e3 Nf6 3. c4 c6 4. cxd5 Nxd5 5. d4 g6 6. Nc3 Bg7 7. e4 Nxc3 8. bxc3 0-0 9. Be2 Qc7 10. 0-0 Rd8 11. Be3 c5 12. Rc1 b6 13. Qb3 Nc6 14. dxc5 bxc5 15. Qa3 Bg4 16. Qxc5 Rac8 17. Rfd1 Rxd1+ 18. Rxd1 Qb7 19. Qb5 Qc7 20. Qc5 h6 21. h3 Bd7 22. Bf1 Kh7 23. Nd4 Qb7 24. Nxc6 Bxc6 25. Qxa7 Qxa7 26. Bxa7 Bxe4 27. Re1 Bd5 28. Rxe7 Rxc3 29. Re1 Bxa2 30. g3 Be6 31. Bg2 Rc7 32. Bb6 Rd7 33. Be3 Bf5 34. g4 Be6 35. Bf3 Bc3 36. Rc1 Bd2 37. Bxd2 Rxd2 38. Re1 Kg7 39. Re2 Rd3 40. Re3 Rxe3 41. fxe3 Kf6 42. Kf2 Ke5 43. Kg3 Bd5 44. Be2 f6 45. Bd1 g5 46. Be2 Kd6 47. h4 Kc5 48. hxg5 hxg5 49. Bd3 Kb4 50. Bf5 Kc3 51. Kf2 Kd2 52. Bd7 Be4 53. Bc8 1/2-1/2

[Event "SRB-ch U14"]
[Site "Novi Sad"]
[Date "2018.04.07"]
[Round "7"]
[White "Parkajic, Branislav"]
[Black "Najdanovic, Veljko"]
[Result "1-0"]
[WhiteElo "1793"]
[BlackElo "1628"]
[PlyCount "147"]
[EventDate "2018.04.02"]
[EventType "swiss"]
[EventRounds "9"]
[EventCountry "SRB"]
[SourceTitle "EXT 2019"]
[Source "ChessBase"]
[SourceDate "2018.10.10"]
[SourceVersion "1"]
[SourceVersionDate "2018.10.10"]
[SourceQuality "1"]

1. Nf3 g6 2. b3 Bg7 3. d4 d6 4. Bb2 Nd7 5. e3 Ngf6 6. Be2 a6 7. c4 b6 8. Nc3 Bb7 9. Qc2 0-0 10. 0-0 e5 11. dxe5 dxe5 12. Rfd1 Qe7 13. Nd5 Nxd5 14. cxd5 Rac8 15. Qd2 Qd6 16. Rac1 h6 17. b4 f5 18. Bc4 Kh8 19. Qe2 b5 20. Bb3 Qxb4 21. Rc6 Bxc6 22. dxc6 Nc5 23. Bxe5 Bxe5 24. Nxe5 Nxb3 25. axb3 Rg8 26. Qb2 Rg7 27. Nxg6+ Kh7 28. Nf4 Rcg8 29. g3 Rf7 30. Rd4 Qf8 31. Qc3 Qc8 32. Qd3 Qe8 33. Qc2 Rgf8 34. Rd1 Qe4 35. Qc5 Rf6 36. Rc1 Rd6 37. Ne2 Rfd8 38. Nd4 Qd5 39. Qa7 Qf7 40. Qxa6 Rd5 41. Qa5 Rb8 42. Qc3 Qe7 43. Qc2 Rf8 44. Qc3 Rg8 45. Ra1 Qe5 46. Qc2 Qe4 47. Qxe4 fxe4 48. Ra7 Rc8 49. b4 Re5 50. Rb7 Kg6 51. Nxb5 Re7 52. Kf1 Kf6 53. Nd4 Ke5 54. Rb5+ Kf6 55. Rf5+ Kg6 56. Rf4 Rb8 57. b5 Rd8 58. Ke2 Rf7 59. Rxe4 Rdf8 60. f3 Ra8 61. Re6+ Kg7 62. Kd3 Ra2 63. h4 h5 64. Re5 Kh6 65. Ke4 Ra4 66. f4 Rb4 67. Kf3 Ra4 68. Rg5 Rf8 69. Nf5+ Kh7 70. Rxh5+ Kg6 71. Rh6+ Kf7 72. Nd4 Ke7 73. Rh7+ Ke8 74. Rxc7 1-0

[Event "SRB-ch U14"]
[Site "Novi Sad"]
[Date "2018.04.03"]
[Round "3"]
[White "Budisavljevic, Luka"]
[Black "Parkajic, Branislav"]
[Result "1-0"]
[WhiteElo "2302"]
[BlackElo "1793"]
[PlyCount "111"]
[EventDate "2018.04.02"]
[EventType "swiss"]
[EventRounds "9"]
[EventCountry "SRB"]
[SourceTitle "EXT 2019"]
[Source "ChessBase"]
[SourceDate "2018.10.10"]
[SourceVersion "1"]
[SourceVersionDate "2018.10.10"]
[SourceQuality "1"]

1. d4 Nf6 2. Nf3 g6 3. c4 Bg7 4. Nc3 d5 5. h4 h5 6. Bf4 c5 7. dxc5 Qa5 8. cxd5 Nxd5 9. Qxd5 Bxc3+ 10. Bd2 Bxd2+ 11. Qxd2 Qxd2+ 12. Nxd2 Nc6 13. e3 0-0 14. Bb5 Bd7 15. 0-0 Rac8 16. Rfd1 Rfd8 17. Nf3 a6 18. Ba4 Ne5 19. Bxd7 Nxd7 20. b4 Nf6 21. Rac1 Nd5 22. Rd4 Nc7 23. Rcd1 Ne6 24. Rxd8+ Rxd8 25. Rxd8+ Nxd8 26. Ne5 Kg7 27. Kf1 f6 28. Nd3 e5 29. a4 Kf7 30. Ke2 Ke6 31. e4 Nc6 32. Kd2 g5 33. g3 Nd4 34. Ne1 gxh4 35. gxh4 Kd7 36. Kd3 Kc7 37. Kc4 Kc6 38. Ng2 Nf3 39. b5+ axb5+ 40. axb5+ Kd7 41. Kd5 Nd4 42. Kc4 Nf3 43. Ne3 Nd4 44. Nf5 Ne6 45. Ne3 Nd4 46. f4 Ne6 47. f5 Nc7 48. Nd5 Ne8 49. Kb4 Kc8 50. Ka5 Kd7 51. Kb6 Kc8 52. Ka7 Nc7 53. Nxc7 Kxc7 54. c6 bxc6 55. b6+ Kd6 56. b7 1-0

[Event "Stari Banovci Vidovdan op"]
[Site "Stari Banovci"]
[Date "2017.06.28"]
[Round "1"]
[White "Parkajic, Branislav"]
[Black "Grcic, Vukasin"]
[Result "1-0"]
[WhiteElo "1706"]
[BlackElo "2225"]
[PlyCount "77"]
[EventDate "2017.06.28"]
[EventType "swiss"]
[EventRounds "9"]
[EventCountry "SRB"]
[SourceTitle "EXT 2018"]
[Source "ChessBase"]
[SourceDate "2017.10.13"]
[SourceVersion "1"]
[SourceVersionDate "2017.10.13"]
[SourceQuality "1"]

1. e4 c5 2. Nf3 Nc6 3. Bb5 g6 4. 0-0 Bg7 5. d3 e5 6. Nc3 Nge7 7. Re1 0-0 8. a4 d6 9. Bc4 h6 10. Be3 Kh7 11. Nd5 Nxd5 12. Bxd5 Ne7 13. Bb3 f5 14. exf5 gxf5 15. c3 f4 16. Bc1 Kh8 17. Nh4 Qe8 18. d4 cxd4 19. cxd4 Bf6 20. dxe5 dxe5 21. Nf3 Bg4 22. h3 Bh5 23. Qd3 Rd8 24. Qe4 Nc6 25. Bc2 Qf7 26. Rd1 Rxd1+ 27. Bxd1 Rd8 28. Bc2 Qg7 29. Ra3 Be7 30. Rc3 Rg8 31. Ne1 Bb4 32. Rxc6 Bxe1 33. Re6 Bb4 34. Rxe5 Bf3 35. Qxf3 Qxe5 36. Bxf4 Qg7 37. Qe4 Qe7 38. Be5+ Rg7 39. Qh7# 1-0